| 000 | 00525nam a22001577a 4500 | ||
|---|---|---|---|
| 003 | OSt | ||
| 005 | 20150910152339.0 | ||
| 008 | 150910b xxu||||| |||| 00| 0 eng d | ||
| 040 | _cRUA | ||
| 082 | _aAGR សៅ 1994 B010 Or.1 | ||
| 100 |
_9255 _aសៅ រ៉ា |
||
| 245 | _aសក្តានុពលភាពសំរាប់អភិវឌ្ឍន៍កសិរុក្ខកម្មនៅខេត្តពោធិសាត់ | ||
| 260 |
_aPhnom Penh _bRUA _c1994 |
||
| 300 |
_a79p. _bill. _c29cm. |
||
| 942 |
_2ddc _cAGR |
||
| 999 |
_c236 _d236 |
||